Movies Quiz

Random Movies or James Bond Quiz

James Bond or Austin Powers? Quiz Stats

 Plays Quiz Updated Dec 26, 2011

Challenge
Share
Tweet
Embed
Score 0/46 Timer 08:00
0 Plays Today
Character JB or AP? % Correct
Scott Evil???
87.8%
Jaws???
86.7%
Felicity Shagwell???
86%
Alotta Fagina???
86%
Ivana Humpalot???
85.5%
Solitaire???
85.3%
Fook Mi???
85.3%
Hugo Drax???
84.7%
Nigel Powers???
84.1%
Foxxy Cleopatra???
83.5%
Oddjob???
82.9%
MayDay???
82.9%
Emilio Largo???
82.6%
Mr. Bigglesworth???
82.1%
Goldmember???
81.6%
Judy Havelock???
80%
Wai Lin???
79.8%
Dixie Normous???
79.2%
Honey Ryder???
78.8%
Pussy Galore???
78.1%
Franz Sanchez???
75.1%
Thumper???
74.9%
Nick Nack???
74.1%
Character JB or AP? % Correct
Professor Joe Butcher???
73.8%
Xenia Onatopp???
73.1%
Strawberry Fields???
72.7%
Irma Bunt???
70.7%
Random Task???
69.9%
Countess Lisl Von Schlaf???
69.8%
Una Brau???
69.7%
Frau Farbissina???
69.5%
Kissy Suzuki???
69.1%
Holly Goodhead???
68.6%
Robin Swallows???
67.9%
Mr. Big???
67.6%
Shady Tree???
65.1%
Mustafa???
63.8%
Tee Hee Johnson???
63.4%
Mrs. Exposition???
61.7%
Penelope Smallbone???
61.5%
Peaceful Fountains of Desire???
61.4%
Dr. Molly Warmflash???
59.9%
Plenty O'Toole???
56.4%
Ming Tea???
41.5%
Chew Mee???
38.3%
General Borschevsky???
19.1%

You're not logged in!

Compare scores with friends on all Sporcle quizzes.
Join for Free
OR
Log In

You Might Also Like...

Show Comments

Extras

Top Quizzes Today


Score Distribution

Your Account Isn't Verified!

In order to create a playlist on Sporcle, you need to verify the email address you used during registration. Go to your Sporcle Settings to finish the process.

Report this User

Report this user for behavior that violates our Community Guidelines.

Details: